[Event "World Cup U18 Girls Prel"]
[Site "Tornelo INT"]
[Date "2021.08.01"]
[Round "8"]
[White "Aminuddin, Nur Faiqah"]
[Black "Espinoza Coca, Laura"]
[Result "1-0"]
[WhiteElo "1437"]
[BlackElo "1086"]
[PlyCount "119"]
[EventDate "2021.08.01"]
[EventType "swiss (rapid)"]
[EventRounds "10"]
[EventCountry "NET"]
[SourceTitle "EXT 2024"]
[Source "ChessBase"]
[SourceDate "2023.10.10"]
[SourceVersion "1"]
[SourceVersionDate "2023.10.10"]
[SourceQuality "1"]

1. Nf3 d5 2. c4 e6 3. g3 b6 4. Bg2 Bb7 5. Nc3 Nf6 6. e3 Bd6 7. d4 0-0 8. cxd5 exd5 9. 0-0 c5 10. b3 Nbd7 11. Bb2 Rc8 12. dxc5 Nxc5 13. Rc1 Re8 14. Nd4 Nce4 15. Nxe4 dxe4 16. Rxc8 Bxc8 17. Nb5 Be7 18. Nxa7 Ba6 19. Qxd8 Bxd8 20. Rc1 h6 21. Nc6 Bd3 22. Nxd8 Rxd8 23. Bxf6 gxf6 24. h3 Ra8 25. Rc6 Rxa2 26. Rxb6 Kg7 27. g4 Ra1+ 28. Kh2 Ra2 29. Kg3 Kg6 30. Rb4 f5 31. Rb6+ f6 32. gxf5+ Kxf5 33. h4 Ra8 34. Bh3+ Ke5 35. Re6+ Kd5 36. Rxf6 Rg8+ 37. Kf4 h5 38. Rf5+ Kd6 39. Rxh5 Rf8+ 40. Bf5 Be2 41. Rh6+ Kd5 42. h5 Rf7 43. Re6 Bxh5 44. Re5+ Kd6 45. Kxe4 Rb7 46. Rd5+ Ke7 47. Rd4 Rxb3 48. f4 Rb7 49. Rd5 Bf7 50. Ra5 Bb3 51. Ke5 Bf7 52. e4 Bh5 53. Be6 Be2 54. f5 Bb5 55. Bd5 Rb6 56. Ra7+ Kf8 57. Be6 Be8 58. Kf6 Bc6 59. Rg7 Bxe4 60. Rg8# 1-0

[Event "World Cup U18 Girls Prel"]
[Site "Tornelo INT"]
[Date "2021.08.01"]
[Round "4"]
[White "Diaz Charpentier, Kristel Melissa"]
[Black "Espinoza Coca, Laura"]
[Result "1-0"]
[WhiteElo "1898"]
[BlackElo "1086"]
[PlyCount "51"]
[EventDate "2021.08.01"]
[EventType "swiss (rapid)"]
[EventRounds "10"]
[EventCountry "NET"]
[SourceTitle "EXT 2024"]
[Source "ChessBase"]
[SourceDate "2023.10.10"]
[SourceVersion "1"]
[SourceVersionDate "2023.10.10"]
[SourceQuality "1"]

1. Nf3 d5 2. b3 g6 3. Bb2 Nf6 4. g3 Bg7 5. Bg2 0-0 6. c4 e6 7. 0-0 b6 8. d3 Bb7 9. Nbd2 c5 10. Qc2 Re8 11. a3 Nbd7 12. Rad1 e5 13. cxd5 Bxd5 14. Nc4 Qc7 15. Rfe1 e4 16. Ng5 exd3 17. Rxd3 Bxg2 18. Kxg2 Rad8 19. Red1 b5 20. Ne3 h6 21. Nf3 Re7 22. Bxf6 Bxf6 23. Nd5 Qc6 24. Nxe7+ Bxe7 25. Kg1 Kg7 26. Qd2 1-0